Stitchers Cast - Statistics

General Stats
  • This quiz has been taken 2 times
  • The average score is 9 of 18
Answer Stats
actor Answer % Correct
C. Thomas Howell Daniel Stinger
100%
Hugo Armstrong Ed Clark
100%
Emma Ishta Kirsten Clark
100%
Salli Richardson-Whitfield Maggie Baptiste
100%
Ross Kurt Le Alex
50%
Anna Akana Amanda
50%
Kyle Harris Cameron Goodkin
50%
Alison Scagliotti Camille Engelson
50%
Damon Dayoub Detective Quincy Fisher
50%
Sarah Davenport Ivy Brown
50%
Jack Turner Liam Granger
50%
Ritesh Rajan Linus
50%
John Billingsley Mitchell Blair
50%
Kaylee Quinn Young Kirsten Clark
50%
Sola Bamis Dr Ayo
0%
Oded Fehr Leslie Turner
0%
Tiffany Hines Marta Rodriguez
0%
Jasmin Savoy Brown Nina
0%
No matching quizzes found
Score Distribution
Percent of People with Each Score
Percentile by Number Answered
Your Score History
You have not taken this quiz